000 00368nam a22001337a 4500
020 _qPB.
040 _cFizza Ishaq
082 _a791.4372
_bMAW
100 _aBorwden, Mark.
_9133798
245 _aBlack Hawk Down A Story of Modern War /
_cMark Borwden.
260 _aNew York;
_bPenguin Books,
_c1999.
300 _a392 p. ;
_c5.5 x 1.2 x 8.3 inches
942 _2ddc
_cBK
999 _c616761
_d616761